000 00632nam a22002177a 4500
003 UA-OsUOA
001 85290
007 ta
008 20120622b un ||||| |||| 00| 0 ukr d
100 _aПутилина Н.
090 _a32
_bП90
942 _cSA
040 _aUA-OsUOA
_brus
_cUA-OsUOA
_dUA-OsUOA
245 _aЭтапы и формы региональной интеграции в странах Северной Европы
300 _aС.4-15
955 _a0
041 _arus
080 _a32
773 0 _w85288
_tМеждународная экономика
_dМ.
_d2012
_g5
650 7 _a32 Політика
_2UDC
999 _c371580
_d371580